El pensamiento filosófico de San Agustín

Gespeichert in:
Bibliographische Detailangaben
1. Verfasser: Pegueroles, Juan (VerfasserIn)
Format: Buch
Sprache:Spanisch
Veröffentlicht: Barcelona Labor 1972
Schriftenreihe:Nueva Colección Labor
Schlagworte:
Tags: Tag hinzufügen
Keine Tags, Fügen Sie den ersten Tag hinzu!

MARC

LEADER 00000nam a2200000 a 4500
001 UCZ6079
003 CL-VaPUC
008 951201e19720000SP |||||||||||||||||spa|d
082 0 4 |a 189.4  |b PEG  |2 21 
100 0 |a Pegueroles, Juan  |e author  |9 350290 
245 1 3 |a El pensamiento filosófico de San Agustín 
300 |a 157 p 
942 |c BK 
945 |d 19951201 00:00:00  |a lriquelm 
260 |a Barcelona  |b Labor  |c 1972 
650 0 |a Escolasticismo  |9 264998 
650 0 |a Escuelas filosóficas   |9 266232 
650 0 |a Teología   |9 258766 
650 0 |a Religión   |9 255164 
583 |a last modification  |c 19951201 00:00:00  |k Rodrigo Vera 
490 0 |a Nueva Colección Labor 
999 |c 242338  |d 242336 
952 |0 0  |1 0  |4 0  |6 189_400000000000000_PEG_1972  |7 0  |8 A  |9 255201  |a BIBEDU  |b BIBEDU  |d 2019-11-19  |i 160015K  |l 3  |o 189.4 PEG 1972  |p 160015K  |r 2022-10-25  |s 2022-09-26  |w 2019-11-19  |y BK  |k FIL